[Event "Pilsen Region-chT 2223"]
[Site "Czech Republic"]
[Date "2023.03.19"]
[Round "10.4"]
[White "Cesal, Jaroslav"]
[Black "Blecha, Miroslav"]
[Result "1-0"]
[WhiteElo "2087"]
[BlackElo "2055"]
[PlyCount "93"]
[EventDate "2022.10.09"]
[EventType "team-tourn"]
[EventRounds "11"]
[EventCountry "CZE"]
[SourceTitle "EXT 2024"]
[Source "ChessBase"]
[SourceDate "2023.10.10"]
[SourceVersion "1"]
[SourceVersionDate "2023.10.10"]
[SourceQuality "1"]
[WhiteTeam "Dvorec"]
[BlackTeam "Line IV"]
[WhiteTeamCountry "CZE"]
[BlackTeamCountry "CZE"]

1. d4 Nf6 2. Nf3 e6 3. Bf4 b6 4. e3 Bb7 5. Bd3 c5 6. 0-0 Be7 7. h3 0-0 8. c4 d6 9. Nc3 Nc6 10. Rc1 Re8 11. Qe2 Rc8 12. Rfd1 cxd4 13. exd4 Nb4 14. Bb1 Ba6 15. b3 d5 16. Ne5 dxc4 17. bxc4 Nbd5 18. Nxd5 exd5 19. Qc2 Bxc4 20. Qa4 Qc7 21. Bf5 b5 22. Qa6 Rb8 23. Ng6 Qb6 24. Nxe7+ Rxe7 25. Qa3 Rbe8 26. Be5 Ne4 27. Bxe4 dxe4 28. Qg3 f6 29. Bd6 Rd7 30. Bc5 Qb7 31. a3 Rd5 32. h4 Rh5 33. Re1 Rh6 34. Qf4 Qd5 35. Re3 a6 36. Rg3 Qh5 37. Qc7 Rg6 38. Rxg6 Qxg6 39. Rc3 Bd3 40. d5 Qf7 41. Qc6 h6 42. Bb6 Re7 43. d6 Rd7 44. Qc8+ Kh7 45. Rc7 Rxc7 46. dxc7 Bc4 47. Qd8 1-0

[Event "Pilsen Region-chT 2223"]
[Site "Czech Republic"]
[Date "2022.12.11"]
[Round "5.5"]
[White "Cesal, Jaroslav"]
[Black "Vana, Jan1111"]
[Result "1/2-1/2"]
[WhiteElo "2087"]
[BlackElo "1781"]
[PlyCount "56"]
[EventDate "2022.10.09"]
[EventType "team-tourn"]
[EventRounds "11"]
[EventCountry "CZE"]
[SourceTitle "EXT 2024"]
[Source "ChessBase"]
[SourceDate "2023.10.10"]
[SourceVersion "1"]
[SourceVersionDate "2023.10.10"]
[SourceQuality "1"]
[WhiteTeam "Dvorec"]
[BlackTeam "Tachov"]
[WhiteTeamCountry "CZE"]
[BlackTeamCountry "CZE"]

1. d4 Nf6 2. Nf3 c5 3. c3 d5 4. Bf4 Nc6 5. e3 Qb6 6. Qb3 c4 7. Qxb6 axb6 8. Be2 Bf5 9. Nbd2 h6 10. 0-0 b5 11. a3 e6 12. h3 Be7 13. Rfe1 0-0 14. Ne5 Nxe5 15. Bxe5 Nd7 16. Bh2 Nb6 17. Bf3 Na4 18. Ra2 Bc2 19. Bd1 Bxd1 20. Rxd1 b4 21. cxb4 c3 22. b3 cxd2 23. bxa4 Rxa4 24. Rdxd2 Rfa8 25. Bc7 Bxb4 26. Rdb2 Be7 27. Rxb7 Rxa3 28. Rxa3 Bxa3 1/2-1/2

[Event "Pilsen Region-chT 2223"]
[Site "Czech Republic"]
[Date "2022.10.09"]
[Round "1.3"]
[White "Reischig, Tomas"]
[Black "Cesal, Jaroslav"]
[Result "0-1"]
[WhiteElo "2029"]
[BlackElo "2087"]
[PlyCount "42"]
[EventDate "2022.10.09"]
[EventType "team-tourn"]
[EventRounds "11"]
[EventCountry "CZE"]
[SourceTitle "EXT 2024"]
[Source "ChessBase"]
[SourceDate "2023.10.10"]
[SourceVersion "1"]
[SourceVersionDate "2023.10.10"]
[SourceQuality "1"]
[WhiteTeam "HerNyr"]
[BlackTeam "Dvorec"]
[WhiteTeamCountry "CZE"]
[BlackTeamCountry "CZE"]

1. e4 g6 2. d4 Bg7 3. Nc3 d6 4. Be3 c6 5. h3 Nd7 6. Nf3 Ngf6 7. Qd2 0-0 8. 0-0-0 b5 9. Bd3 Re8 10. g4 Qa5 11. Kb1 Nb6 12. Ne2 Qxd2 13. Nxd2 Rb8 14. f4 a6 15. Ng3 Nfd7 16. f5 c5 17. c3 b4 18. cxb4 cxd4 19. Bf2 Na4 20. a3 a5 21. Bc2 Nxb2 0-1

[Event "WchT Seniors 65"]
[Site "Prague"]
[Date "2020.03.07"]
[Round "2.16"]
[White "Thjomoe, Hans Richard"]
[Black "Cesal, Jaroslav"]
[Result "0-1"]
[WhiteElo "1874"]
[BlackElo "2136"]
[PlyCount "98"]
[EventDate "2020.03.06"]
[EventType "team-swiss"]
[EventRounds "7"]
[EventCountry "CZE"]
[SourceTitle "CBM 195 Extra"]
[Source "ChessBase"]
[SourceDate "2020.05.31"]
[SourceVersion "1"]
[SourceVersionDate "2020.05.31"]
[SourceQuality "1"]
[WhiteTeam "Norway 65 II"]
[BlackTeam "Czech Republic 65 II"]
[WhiteTeamCountry "NOR"]
[BlackTeamCountry "CZE"]

1. e4 g6 2. d4 Bg7 3. Nf3 d6 4. Bc4 c6 5. Bb3 Nf6 6. Nc3 0-0 7. 0-0 Bg4 8. h3 Bxf3 9. Qxf3 Nbd7 10. Bf4 e5 11. dxe5 dxe5 12. Be3 Qe7 13. Rfd1 Rad8 14. Rd2 Nc5 15. Rad1 Rxd2 16. Rxd2 b6 17. Bxc5 Qxc5 18. Qd1 b5 19. Qe2 a5 20. a3 Bh6 21. Rd3 a4 22. Ba2 Bc1 23. Nd1 b4 24. c4 b3 25. Bb1 Qxc4 26. f3 Nh5 27. Qe1 Nf4 28. Ne3 Nxd3 29. Bxd3 Qxd3 30. Qxc1 Rd8 31. Kh2 Qd2 32. Qc5 Qd4 33. Qe7 Qd6 34. Qg5 f6 35. Qg4 Qd7 36. Qg3 Qe6 37. Qh4 Kg7 38. Qg3 Rd2 39. Qe1 Rxb2 40. Qb4 Re2 41. Nc4 Rc2 42. Ne3 Re2 43. Nc4 h5 44. h4 Qd7 45. Qb8 Rc2 46. Nd6 Rd2 47. Nc4 Rd4 48. Ne3 Qf7 49. Kg3 Rd7 0-1

[Event "CZE-chT2B 1920"]
[Site "Czech Republic"]
[Date "2020.02.09"]
[Round "8.6"]
[White "Huttner, Milos"]
[Black "Cesal, Jaroslav"]
[Result "1/2-1/2"]
[WhiteElo "2015"]
[BlackElo "2161"]
[PlyCount "99"]
[EventDate "2019.10.13"]
[EventType "team-tourn"]
[EventRounds "11"]
[EventCountry "CZE"]
[SourceTitle "EXT 2024"]
[Source "ChessBase"]
[SourceDate "2023.10.10"]
[SourceVersion "1"]
[SourceVersionDate "2023.10.10"]
[SourceQuality "1"]
[WhiteTeam "Karlovy Vary Tietz II"]
[BlackTeam "Podborany"]
[WhiteTeamCountry "CZE"]
[BlackTeamCountry "CZE"]

1. e4 g6 2. d4 Bg7 3. Nf3 d6 4. Bc4 c6 5. Bb3 Nf6 6. Nc3 0-0 7. 0-0 Bg4 8. h3 Bxf3 9. Qxf3 Nbd7 10. Be3 Qc7 11. a4 a6 12. Qe2 c5 13. f4 cxd4 14. Bxd4 Nh5 15. Bxg7 Kxg7 16. Rf3 Nhf6 17. Re1 e6 18. Kh1 Nc5 19. e5 Nfd7 20. exd6 Qxd6 21. Ne4 Nxe4 22. Qxe4 Nc5 23. Qe5+ Qxe5 24. fxe5 Rfd8 25. Ref1 Rd7 26. Rf4 Nxb3 27. cxb3 Rc8 28. Rc4 Rxc4 29. bxc4 Rd2 30. Rb1 Rc2 31. b3 Rc3 32. Kg1 g5 33. Kf2 Kg6 34. Ke2 Rc2+ 35. Kd3 Rxg2 36. Kd4 h5 37. Kc5 Rd2 38. Kb6 Rd7 39. b4 Kf5 40. Re1 g4 41. hxg4+ hxg4 42. c5 g3 43. b5 axb5 44. axb5 g2 45. c6 bxc6 46. bxc6 Rd2 47. c7 Rb2+ 48. Ka7 Ra2+ 49. Kb7 Rb2+ 50. Ka7 1/2-1/2

[Event "CZE-chT1W 1920"]
[Site "Czech Republic"]
[Date "2019.11.24"]
[Round "3.2"]
[White "Cesal, Jaroslav"]
[Black "Borkovec, Milan"]
[Result "1/2-1/2"]
[WhiteElo "2161"]
[BlackElo "2199"]
[PlyCount "56"]
[EventDate "2019.10.20"]
[EventType "team-tourn"]
[EventRounds "11"]
[EventCountry "CZE"]
[SourceTitle "CBM 193 Extra"]
[Source "ChessBase"]
[SourceDate "2020.01.31"]
[SourceVersion "1"]
[SourceVersionDate "2020.01.31"]
[SourceQuality "1"]
[WhiteTeam "Line"]
[BlackTeam "Ceske Budejovice"]
[WhiteTeamCountry "CZE"]
[BlackTeamCountry "CZE"]

1. Nf3 Nf6 2. d4 e6 3. Bg5 d5 4. e3 Be7 5. c4 c5 6. cxd5 exd5 7. Nc3 cxd4 8. Nxd4 0-0 9. Be2 Nc6 10. 0-0 Be6 11. Qa4 Qb6 12. Bb5 Nxd4 13. Qxd4 Qxd4 14. exd4 Rac8 15. Rfe1 h6 16. Bf4 a6 17. Bd3 Bb4 18. Rec1 Rc6 19. a3 Be7 20. f3 Rfc8 21. Kf2 Nd7 22. Ne2 Bf6 23. Rxc6 Rxc6 24. Rc1 Rxc1 25. Bxc1 Nb8 26. Bd2 Nc6 27. Bc3 Kf8 28. Ke3 Ke7 1/2-1/2

[Event "CZE-chT2B 1920"]
[Site "Czech Republic"]
[Date "2019.11.17"]
[Round "3.6"]
[White "Pribylova, Sofie"]
[Black "Cesal, Jaroslav"]
[Result "1-0"]
[WhiteElo "2104"]
[BlackElo "2161"]
[PlyCount "47"]
[EventDate "2019.10.13"]
[EventType "team-tourn"]
[EventRounds "11"]
[EventCountry "CZE"]
[SourceTitle "EXT 2024"]
[Source "ChessBase"]
[SourceDate "2023.10.10"]
[SourceVersion "1"]
[SourceVersionDate "2023.10.10"]
[SourceQuality "1"]
[WhiteTeam "Kolesovice Cesky Lev"]
[BlackTeam "Podborany"]
[WhiteTeamCountry "CZE"]
[BlackTeamCountry "CZE"]

1. e4 g6 2. d4 Bg7 3. Nc3 d6 4. h3 c6 5. g4 b5 6. a3 Bb7 7. Bg2 Nd7 8. Nge2 Nb6 9. b3 e5 10. Be3 Ne7 11. f4 exf4 12. Nxf4 d5 13. e5 c5 14. Nxb5 0-0 15. dxc5 Nd7 16. 0-0 Nxe5 17. Nd6 Bc6 18. Nxd5 Nxg4 19. hxg4 Bxa1 20. Qxa1 Nxd5 21. Bh6 f6 22. Bxf8 Qxf8 23. Qd4 Nf4 24. Rxf4 1-0

[Event "CZE-chT1W 1920"]
[Site "Czech Republic"]
[Date "2019.10.20"]
[Round "1.1"]
[White "Cesal, Jaroslav"]
[Black "Husarik, Branko"]
[Result "1-0"]
[WhiteElo "2161"]
[BlackElo "2146"]
[PlyCount "103"]
[EventDate "2019.10.20"]
[EventType "team-tourn"]
[EventRounds "11"]
[EventCountry "CZE"]
[SourceTitle "CBM 192 Extra"]
[Source "Chessbase"]
[SourceDate "2019.11.06"]
[SourceVersion "1"]
[SourceVersionDate "2019.11.06"]
[SourceQuality "1"]
[WhiteTeam "Line"]
[BlackTeam "Lysa nad Labem III"]
[WhiteTeamCountry "CZE"]
[BlackTeamCountry "CZE"]

1. d4 Nf6 2. Nf3 c5 3. c3 g6 4. dxc5 Bg7 5. Bf4 Na6 6. e4 Nxc5 7. e5 Ng4 8. Bc4 Ne6 9. Bg3 Qc7 10. Qe2 0-0 11. Na3 a6 12. Nc2 Nh6 13. Ncd4 b5 14. Bd5 Rb8 15. 0-0 Nxd4 16. Nxd4 Qc5 17. Qe4 e6 18. Bb3 Bb7 19. Qe2 Nf5 20. Nxf5 gxf5 21. Rfd1 Bc6 22. Rd4 Be4 23. Kh1 d6 24. Rxd6 Bxe5 25. Rxa6 Bxg3 26. hxg3 Rfd8 27. Rd1 Rxd1+ 28. Bxd1 Rd8 29. Bb3 Qf8 30. Qe3 Qg7 31. Rb6 Qg4 32. Qh6 Re8 33. Kh2 Qe2 34. Qf4 Qh5+ 35. Kg1 Kh8 36. Qe5+ Kg8 37. Rb8 Rxb8 38. Qxb8+ Kg7 39. Qe5+ Kg6 40. Qxb5 Qg5 41. Qe2 h5 42. f3 Ba8 43. Qe5 Qc1+ 44. Kh2 Qxb2 45. Bxe6 fxe6 46. Qxe6+ Kg7 47. Qe7+ Kg6 48. Qe8+ Kh6 49. Qxa8 Qxc3 50. Qf8+ Kg6 51. Qg8+ Kh6 52. Qe6+ 1-0

[Event "CZE-chT1W 1819"]
[Site "Czech Republic"]
[Date "2019.04.07"]
[Round "11.6"]
[White "Cesal, Jaroslav"]
[Black "Pospech, Radim"]
[Result "1-0"]
[WhiteElo "2177"]
[BlackElo "1971"]
[PlyCount "57"]
[EventDate "2018.10.21"]
[EventType "team-tourn"]
[EventRounds "11"]
[EventCountry "CZE"]
[SourceTitle "CBM 189 Extra"]
[Source "ChessBase"]
[SourceDate "2019.06.03"]
[SourceVersion "1"]
[SourceVersionDate "2019.06.03"]
[SourceQuality "1"]
[WhiteTeam "Kozolupy"]
[BlackTeam "Praha Dukla"]
[WhiteTeamCountry "CZE"]
[BlackTeamCountry "CZE"]

1. d4 Nf6 2. Nf3 g6 3. c4 Bg7 4. g3 c6 5. Bg2 0-0 6. 0-0 d5 7. cxd5 cxd5 8. Nc3 Nc6 9. Ne5 e6 10. Nxc6 bxc6 11. Bf4 Nh5 12. Be3 e5 13. dxe5 Bxe5 14. Qa4 Be6 15. Rfd1 Qc7 16. Rac1 Qb7 17. Bd4 f6 18. e4 Rfd8 19. exd5 cxd5 20. Re1 Bf7 21. f4 Bxd4+ 22. Qxd4 Rac8 23. g4 Ng7 24. Nxd5 Kf8 25. Rxc8 Rxc8 26. Ne7 Qxe7 27. Rxe7 Rc1+ 28. Kf2 Kxe7 29. Qe3+ 1-0

[Event "CZE-chT1W 1819"]
[Site "Czech Republic"]
[Date "2019.03.03"]
[Round "9.6"]
[White "Cesal, Jaroslav"]
[Black "Matras, Ondrej"]
[Result "1/2-1/2"]
[WhiteElo "2177"]
[BlackElo "2224"]
[PlyCount "24"]
[EventDate "2018.10.21"]
[EventType "team-tourn"]
[EventRounds "11"]
[EventCountry "CZE"]
[SourceTitle "CBM 189 Extra"]
[Source "ChessBase"]
[SourceDate "2019.06.03"]
[SourceVersion "1"]
[SourceVersionDate "2019.06.03"]
[SourceQuality "1"]
[WhiteTeam "Kozolupy"]
[BlackTeam "Pankrac"]
[WhiteTeamCountry "CZE"]
[BlackTeamCountry "CZE"]

1. d4 e6 2. Nf3 Nf6 3. Bg5 d5 4. e3 c5 5. c3 Nbd7 6. Nbd2 Be7 7. Be2 0-0 8. 0-0 b6 9. a4 a6 10. Qc2 Bb7 11. Rfd1 Rc8 12. Rac1 Re8 1/2-1/2

[Event "CZE-chT2A 1718"]
[Site "Czech Republic"]
[Date "2018.04.08"]
[Round "11.3"]
[White "Cesal, Jaroslav"]
[Black "Schmid, Jaroslav"]
[Result "1-0"]
[WhiteElo "2152"]
[BlackElo "1986"]
[PlyCount "78"]
[EventDate "2017.10.15"]
[EventType "team-tourn"]
[EventRounds "11"]
[EventCountry "CZE"]
[SourceTitle "EXT 2022"]
[Source "ChessBase"]
[SourceDate "2021.10.06"]
[SourceVersion "1"]
[SourceVersionDate "2021.10.06"]
[SourceQuality "1"]
[WhiteTeam "Kozolupy"]
[BlackTeam "Praha Smichov"]
[WhiteTeamCountry "CZE"]
[BlackTeamCountry "CZE"]

1. d4 Nf6 2. Nf3 e6 3. Bg5 Be7 4. c4 b6 5. Nc3 Bb7 6. Bxf6 Bxf6 7. e4 d6 8. Qc2 Nd7 9. Be2 0-0 10. 0-0-0 e5 11. Kb1 g6 12. d5 a5 13. h4 Bg7 14. h5 Bc8 15. Qd2 Nc5 16. Rdg1 f5 17. hxg6 hxg6 18. Nh4 fxe4 19. g4 Qf6 20. Rg2 Qf4 21. Qc2 Qg5 22. Nxe4 Nxe4 23. Qxe4 Rf6 24. Bd3 Rf4 25. Qe3 e4 26. Be2 Be5 27. f3 Qf6 28. fxe4 Kg7 29. Nf3 Bd7 30. Rgh2 Bxg4 31. Rh7+ Kg8 32. Rh8+ Qxh8 33. Rxh8+ Kxh8 34. Nxe5 dxe5 35. Bxg4 Raf8 36. a3 Kg7 37. Be6 Kf6 38. c5 bxc5 39. Qxc5 Rh8 1-0

[Event "CZE-chT1W 1617"]
[Site "Czech Republic"]
[Date "2017.02.05"]
[Round "7.2"]
[White "Cesal, Jaroslav"]
[Black "Soural, Jan"]
[Result "0-1"]
[WhiteElo "2193"]
[BlackElo "2152"]
[PlyCount "156"]
[EventDate "2016.10.16"]
[EventType "team-tourn"]
[EventRounds "11"]
[EventCountry "CZE"]
[SourceTitle "CBM 177 Extra"]
[Source "ChessBase"]
[SourceDate "2017.04.27"]
[SourceVersion "1"]
[SourceVersionDate "2017.04.27"]
[SourceQuality "1"]
[WhiteTeam "Vysehrad"]
[BlackTeam "Pankrac"]
[WhiteTeamCountry "CZE"]
[BlackTeamCountry "CZE"]

1. d4 Nf6 2. Nf3 g6 3. g3 Bg7 4. Bg2 0-0 5. 0-0 d5 6. c4 c6 7. cxd5 cxd5 8. Ne5 e6 9. Nc3 Nfd7 10. Nxd7 Bxd7 11. b3 Qa5 12. Bd2 Qa3 13. Be3 Rc8 14. Qd2 a5 15. Rfc1 Na6 16. h4 h5 17. Bh3 Bc6 18. g4 hxg4 19. Bxg4 Qe7 20. Bg5 f6 21. Bf4 f5 22. Bf3 Qxh4 23. Rd1 Qe7 24. Qe3 Kf7 25. Kg2 Rh8 26. Rac1 Bf6 27. Rh1 g5 28. Bh5+ Rxh5 29. Rxh5 gxf4 30. Qxf4 Rg8+ 31. Kf3 Ke8 32. e3 Qg7 33. Ke2 Qg4+ 34. Qxg4 Rxg4 35. Na4 Rh4 36. Rxh4 Bxh4 37. Rh1 Be7 38. Nb6 Bb5+ 39. Kf3 Nb4 40. Rh8+ Bf8 41. Nc8 Bc6 42. Nd6+ Kd7 43. Nxb7 Bxb7 44. Rxf8 Nxa2 45. Rf7+ Kc6 46. Ke2 Nc1+ 47. Kd2 Nxb3+ 48. Kc3 a4 49. Kb4 Nd2 50. Re7 Bc8 51. Ra7 Ne4 52. f4 Nd6 53. Ra8 Bd7 54. Rxa4 Nc4 55. Ra6+ Kb7 56. Ra2 Nxe3 57. Kc5 Nc4 58. Ra1 Kb8 59. Ra2 Kc7 60. Ra1 Bc8 61. Ra2 Nd6 62. Ra7+ Bb7 63. Ra1 Ne4+ 64. Kb4 Kd6 65. Ra7 Bc6 66. Ra2 Be8 67. Rh2 Ke7 68. Rh8 Ng3 69. Rh2 Kf6 70. Kc3 Bb5 71. Rh6+ Kg7 72. Rxe6 Ne2+ 73. Kb2 Nxf4 74. Rb6 Bc4 75. Kc3 Ne2+ 76. Kd2 Nxd4 77. Ke3 Ne6 78. Rc6 Kf6 0-1

[Event "CZE-chT2A 1617"]
[Site "Czech Republic"]
[Date "2017.01.15"]
[Round "6.3"]
[White "Cesal, Jaroslav"]
[Black "Plischki, Sebastian"]
[Result "1/2-1/2"]
[WhiteElo "2152"]
[BlackElo "2372"]
[PlyCount "70"]
[EventDate "2016.10.09"]
[EventType "team-tourn"]
[EventRounds "11"]
[EventCountry "CZE"]
[SourceTitle "EXT 2022"]
[Source "ChessBase"]
[SourceDate "2021.10.06"]
[SourceVersion "1"]
[SourceVersionDate "2021.10.06"]
[SourceQuality "1"]
[WhiteTeam "Kozolupy"]
[BlackTeam "Praha Dopravni podnik"]
[WhiteTeamCountry "CZE"]
[BlackTeamCountry "CZE"]

1. d4 d5 2. c4 c6 3. cxd5 cxd5 4. Nc3 Nf6 5. Bf4 Nc6 6. e3 a6 7. Be2 e6 8. Nf3 Be7 9. h3 0-0 10. 0-0 Bd7 11. Rc1 Qa5 12. Ne5 Rfc8 13. Bd3 Be8 14. Bb1 Nxe5 15. Bxe5 b5 16. Qd3 g6 17. Bxf6 Bxf6 18. Ne2 Rc4 19. a3 Rac8 20. Ba2 Rxc1 21. Nxc1 Qc7 22. Qb3 Be7 23. Nd3 Qb6 24. Rc1 Rxc1+ 25. Nxc1 a5 26. Nd3 Qc6 27. Qd1 b4 28. axb4 axb4 29. Bb3 Bd6 30. g3 Kg7 31. Kg2 Qc7 32. Qc2 Qxc2 33. Bxc2 g5 34. Kf3 h6 35. Ke2 Bb5 1/2-1/2

[Event "CZE-chT1W 1617"]
[Site "Czech Republic"]
[Date "2016.11.20"]
[Round "3.2"]
[White "Cesal, Jaroslav"]
[Black "Vorisek, Jaroslav"]
[Result "0-1"]
[WhiteElo "2193"]
[BlackElo "2163"]
[PlyCount "78"]
[EventDate "2016.10.16"]
[EventType "team-tourn"]
[EventRounds "11"]
[EventCountry "CZE"]
[SourceTitle "CBM 175 Extra"]
[Source "ChessBase"]
[SourceDate "2016.12.12"]
[SourceVersion "1"]
[SourceVersionDate "2016.12.12"]
[SourceQuality "1"]
[WhiteTeam "Vysehrad"]
[BlackTeam "Praha Bohemians"]
[WhiteTeamCountry "CZE"]
[BlackTeamCountry "CZE"]

1. d4 f5 2. Nc3 d5 3. Bg5 g6 4. e3 Bg7 5. Bd3 c5 6. dxc5 Qa5 7. Nge2 a6 8. 0-0 Qxc5 9. Na4 Qa5 10. c4 b5 11. cxb5 axb5 12. Rc1 Bd7 13. Nc5 Nf6 14. Qb3 Qxa2 15. Qb4 Nc6 16. Qxb5 Rb8 17. Nb7 Qa7 18. Bxf6 Bxf6 19. Nd6+ exd6 20. Qxd5 Nb4 21. Qc4 Nxd3 22. Qxd3 0-0 23. Qxd6 Rb6 24. Qc5 Qb7 25. Nd4 Rxb2 26. Qc4+ Kg7 27. Rfd1 Rf7 28. h4 Rb4 29. Qc3 Qb6 30. g3 Re7 31. Qa3 Be8 32. Qa8 Qb7 33. Qa3 Ra4 34. Qd6 Bf7 35. Qc5 Qe4 36. Nc6 Rc7 37. Qb5 Rc4 38. Rxc4 Bxc4 39. Qb6 Qxc6 0-1

[Event "CZE-chT2A 1617"]
[Site "Czech Republic"]
[Date "2016.11.13"]
[Round "3.4"]
[White "Cesal, Jaroslav"]
[Black "Vorisek, Jaroslav"]
[Result "1-0"]
[WhiteElo "2152"]
[BlackElo "2192"]
[PlyCount "69"]
[EventDate "2016.10.09"]
[EventType "team-tourn"]
[EventRounds "11"]
[EventCountry "CZE"]
[SourceTitle "EXT 2022"]
[Source "ChessBase"]
[SourceDate "2021.10.06"]
[SourceVersion "1"]
[SourceVersionDate "2021.10.06"]
[SourceQuality "1"]
[WhiteTeam "Kozolupy"]
[BlackTeam "Praha Bohemians II"]
[WhiteTeamCountry "CZE"]
[BlackTeamCountry "CZE"]

1. d4 f5 2. Nf3 Nf6 3. g3 d6 4. Bg2 g6 5. c4 Bg7 6. 0-0 0-0 7. Nc3 Nc6 8. d5 Ne5 9. Qb3 Nh5 10. e3 Nd3 11. Rd1 Nc5 12. Qc2 a5 13. b3 h6 14. Nd4 Bd7 15. Ba3 Na6 16. Rac1 Qe8 17. Qe2 Kh8 18. c5 Rg8 19. Ne6 Bxe6 20. dxe6 c6 21. cxd6 exd6 22. Rxd6 Bf8 23. e7 Qxe7 24. Rcd1 Qe8 25. Bb2 Bxd6 26. Rxd6 Kh7 27. g4 fxg4 28. Qxg4 Rd8 29. Re6 Qf7 30. Ne4 Rde8 31. Nf6+ Nxf6 32. Rxf6 Qe7 33. Be4 Qxf6 34. Bxf6 Nc5 35. Bc2 1-0

[Event "CZE-chT2A 1617"]
[Site "Czech Republic"]
[Date "2016.10.30"]
[Round "2.5"]
[White "Cesal, Jaroslav"]
[Black "Muron, Miroslav"]
[Result "0-1"]
[WhiteElo "2152"]
[BlackElo "2153"]
[PlyCount "114"]
[EventDate "2016.10.09"]
[EventType "team-tourn"]
[EventRounds "11"]
[EventCountry "CZE"]
[SourceTitle "EXT 2022"]
[Source "ChessBase"]
[SourceDate "2021.10.06"]
[SourceVersion "1"]
[SourceVersionDate "2021.10.06"]
[SourceQuality "1"]
[WhiteTeam "Kozolupy"]
[BlackTeam "Praha Dukla"]
[WhiteTeamCountry "CZE"]
[BlackTeamCountry "CZE"]

1. d4 Nf6 2. Nf3 g6 3. g3 Bg7 4. Bg2 d5 5. c4 c6 6. cxd5 cxd5 7. 0-0 0-0 8. Ne5 Ng4 9. Qb3 Nxe5 10. dxe5 Nc6 11. f4 Bg4 12. Nc3 d4 13. Qxb7 dxc3 14. Qxc6 Qd4+ 15. e3 cxb2 16. Rb1 bxc1Q 17. Qxc1 Qa4 18. Bxa8 Rxa8 19. Rf2 Rc8 20. Qd2 Qe4 21. Rb4 Qc6 22. Qd4 e6 23. Qe4 Qc3 24. Kg2 Bf8 25. Rb3 Bf5 26. Qb7 Qc4 27. Kf3 Bc2 28. Rb2 Ba4 29. Kg4 h5+ 30. Kh3 Bd1 31. Rbd2 Bg4+ 32. Kg2 Bf5 33. Rd4 Qc3 34. Rfd2 Rc4 35. Qb2 Qxb2 36. Rxb2 Rxd4 37. exd4 Be4+ 38. Kf2 a5 39. Rb8 a4 40. Ke3 Bd5 41. Rb2 a3 42. Rc2 Bb4 43. Rc8+ Kg7 44. Rc2 Kf8 45. Rc8+ Ke7 46. Rc7+ Ke8 47. Rc8+ Kd7 48. Rc2 Be7 49. h4 f5 50. exf6 Bxf6 51. Rc3 Be7 52. Rc2 Bd6 53. Kd3 Ke7 54. Ke3 Kf6 55. Re2 Kf5 56. Rc2 Bb4 57. Re2 Kg4 0-1

[Event "CZE-chT2A 1516"]
[Site "Czech Republic"]
[Date "2016.03.13"]
[Round "9.2"]
[White "Cesal, Jaroslav"]
[Black "Kuba, Stanislav"]
[Result "0-1"]
[WhiteElo "2200"]
[BlackElo "2151"]
[PlyCount "114"]
[EventDate "2015.10.18"]
[EventType "team-tourn"]
[EventRounds "11"]
[EventCountry "CZE"]
[SourceTitle "EXT 2022"]
[Source "ChessBase"]
[SourceDate "2021.10.06"]
[SourceVersion "1"]
[SourceVersionDate "2021.10.06"]
[SourceQuality "1"]
[WhiteTeam "Kozolupy"]
[BlackTeam "Klatovy"]
[WhiteTeamCountry "CZE"]
[BlackTeamCountry "CZE"]

1. d4 Nf6 2. Nf3 d5 3. Bg5 g6 4. Bxf6 exf6 5. e3 Bd6 6. c4 dxc4 7. Bxc4 0-0 8. Nc3 c5 9. dxc5 Bxc5 10. Qxd8 Rxd8 11. Nd5 Nc6 12. Nxf6+ Kg7 13. Ne4 Bb4+ 14. Nc3 Bg4 15. Be2 Rac8 16. 0-0 Bxf3 17. Bxf3 Rd2 18. Nd5 Bd6 19. Rfd1 Rxb2 20. Rac1 Ba3 21. Rb1 Ne5 22. Be4 Rc4 23. Rxb2 Bxb2 24. Bb1 a5 25. f4 Ng4 26. h3 Nf6 27. Kf2 Ba3 28. Kf3 Bc5 29. Bd3 Ra4 30. Nc3 Ra3 31. Nb5 Rxa2 32. g4 Rh2 33. Kg3 Rb2 34. e4 h5 35. f5 g5 36. gxh5 Nxh5+ 37. Kg4 Kh6 38. h4 Nf6+ 39. Kg3 Bf2+ 40. Kf3 Bxh4 41. Rh1 Rb3 42. Ke2 Nxe4 43. Bxe4 Rxb5 44. Rd1 Rb2+ 45. Ke3 g4 46. Rd7 Bg5+ 47. Kd4 Rb4+ 48. Kd3 Kg7 49. Bd5 Kf6 50. Rxf7+ Ke5 51. Bxb7 g3 52. Bc6 Rb6 53. Ba8 Ra6 54. Rf8 a4 55. Rg8 a3 56. Re8+ Kxf5 57. Be4+ Kg4 0-1

[Event "CZE-chT1W 1516"]
[Site "Czech Republic"]
[Date "2016.02.28"]
[Round "9.7"]
[White "Cesal, Jaroslav"]
[Black "Liska, Jiri2222"]
[Result "0-1"]
[WhiteElo "2200"]
[BlackElo "2122"]
[PlyCount "62"]
[EventDate "2015.10.11"]
[EventType "team-tourn"]
[EventRounds "11"]
[EventCountry "CZE"]
[SourceTitle "EXT 2017"]
[Source "ChessBase"]
[SourceDate "2016.10.25"]
[SourceVersion "1"]
[SourceVersionDate "2016.10.25"]
[SourceQuality "1"]
[WhiteTeam "Praha Vysehrad"]
[BlackTeam "Novoborsky II"]
[WhiteTeamCountry "CZE"]
[BlackTeamCountry "CZE"]

1. d4 Nf6 2. Nf3 g6 3. c4 Bg7 4. g3 0-0 5. Bg2 c6 6. 0-0 d5 7. cxd5 cxd5 8. Nc3 Ne4 9. Qb3 Nc6 10. Rd1 e6 11. Bf4 g5 12. Be3 g4 13. Ne1 Nd6 14. Nb5 Nf5 15. Nc2 a6 16. Nba3 b5 17. Qd3 b4 18. Nb1 a5 19. Bf4 Ba6 20. Qd2 Ncxd4 21. Nxd4 Nxd4 22. Bg5 Qc7 23. e4 dxe4 24. Bxe4 Bb7 25. Be3 Bxe4 26. Bxd4 Rad8 27. Qg5 f6 28. Qxg4 f5 29. Qg5 h6 30. Qg6 Qf7 31. Qxf7+ Kxf7 0-1